Las políticas de Dios (Registro nro. 5156)

Detalles MARC
000 -CABECERA
Longitud fija campo de control 00709nam a22002295b 4500
001 - NÚMERO DE CONTROL
Número de control bimo0000460162
003 - IDENTIFICADOR DELl NÚMERO DE CONTROL
Identificador del número de control OSt
005 - FECHA Y HORA DE LA ÚLTIMA TRANSACCIÓN
Fecha y hora de la última transacción 20140305170652.0
008 - CÓDIGOS DE INFORMACIÓN DE LONGITUD FIJA
Códigos de información de longitud fija 951127s1995 esp spa
020 ## - NÚMERO INTERNACIONAL NORMALIZADO PARA LIBROS
Número Internacional Normalizado para Libros (ISBN) 84-7979-194-2
040 ## - FUENTE DE LA CATALOGACIÓN
Centro catalogador de origen SpMaBN
Lengua de catalogación spa
Centro transcriptor BMC
Normas de descripción rdc
082 ## - NÚMERO DE LA CLASIFICACIÓN DECIMAL DEWEY
Númeroo de clasificación 200.320
245 04 - MENCIÓN DE TÍTULO
Título Las políticas de Dios
Mención de responsabilidad, etc. Gilles Kepel (dir.) ; traducido del francés por Manuel Serrat Crespo
260 0# - PUBLICACIÓN, DISTRIBUCIÓN, ETC. (PIE DE IMPRENTA)
Lugar de publicación, distribución, etc. Madrid
Nombre del editor, distribuidor, etc. Anaya & Mario Muchnik
Fecha de publicación, distribución, etc. 1995
300 ## - DESCRIPCIÓN FÍSICA
Extensión 363 p.
Dimensiones 22 cm
500 ## - NOTA GENERAL
Nota general Índice: p. [356-364]
594 ## - NOTA AL TÍTULO Y MENCIÓN DE RESPONSABIBLIDAD
Nota Al Título Y Mención De Responsabilidad Traducción de: Les politiques de Dieu
650 24 - PUNTO DE ACCESO ADICIONAL DE MATERIA - TÉRMINO DE MATERIA
Término de materia o nombre geográfico como elemento inicial Religión y política
9 (RLIN) 10820
700 1# - PUNTO DE ACCESO ADICIONAL - NOMBRE DE PERSONA
Nombre de persona Kepel, Gilles‏
9 (RLIN) 10798
700 1# - PUNTO DE ACCESO ADICIONAL - NOMBRE DE PERSONA
Nombre de persona Serrat Crespo, Manuel
9 (RLIN) 10797
942 ## - ENTRADA DE ELEMENTOS AGREGADOS (KOHA)
Fuente de clasificaión o esquema Dewey Decimal Classification
Koha [por defecto] tipo de item 1- Monografias
Existencias
Suprimido Perdido Fuente de clasificación o esquema Estropeado Restricciones de uso No para préstamo Código de colección Localización permanente Localización actual Localización en estanter&íacute;as Fecha adquisición Fuente de adquisición Número de inventario Préstamos totales Signatura completa Código de barras Fecha última consulta Coste, precio reemplazado Fecha del precio de reemplazo Tipo de item de Koha
NULL NULL Dewey Decimal Classification NULL Prestable NULL NULL Biblioteca Miguel de Cervantes - UNICAES Biblioteca Miguel de Cervantes - UNICAES Sala Principal 19/01/2002 Donación - Embajada de España 008733   200.320 POL 1008733 11/12/2013 8.00 11/12/2013 1- Monografias